يسألونك : (رقم التسجيلة. 120224)

تفاصيل مارك
000 -الفاتح
عناصر البيانات ثابتة الطول 00660cam a2200193 i 4500
005 - تاريخ ووقت آخر معاملة
حقل ضبط 20251123123526.0
008 - عناصر البيانات ثابتة الطول
عناصر البيانات ثابتة الطول 250721s2010 jo gr 000 0 ara d
082 14 - رقم تصنيف ديوي العشري
رقم التصنيف 211.4
رقم المادة س م ا
100 1# - مدخل رئيسي – اسم شخصي
الاسم الشخصي سمارة، فوزي
علاقة الشخص بالعمل/ دوره مؤلف.
245 10 - بيان العنوان
العنوان يسألونك :
بقية العنوان مما أفاض به الرحمن على عباده /
بيان المسؤولية فوزي سمارة.
250 ## - بيان الطبعة
بيان الطبعة الطبعة الأولى.
264 31 - بيانات النشر، التوزيع…إلخ
مكان النشر، التوزيع...إلخ عمان :
اسم الناشر، الموزع...إلخ الطريق للنشر والتوزيع،
تاريخ النشر، التوزيع...إلخ 2010.
300 ## - الوصف المادي
عدد الوحدات المكونة للوعاء 211 صفحة.
650 17 - مدخل إضافي بالموضوع - مصطلح موضوعي
مصطلح موضوعي أو اسم جغرافي كعنصر مدخل القرآن الكريم.
650 17 - مدخل إضافي بالموضوع - مصطلح موضوعي
مصطلح موضوعي أو اسم جغرافي كعنصر مدخل العلوم القرآنية.
653 ## - رأس موضوع – غير مقيد
المصطلح / رأس الموضوع غير المقيد النزول
942 ## - بيانات إضافية (كوها)
نوع التنصيف Dewey Decimal Classification
نوع المادة (كوها) كتب
المقتنيات
حالة السحب حالة الفقدان مصدر التصنيف حالة التلف غير قابل للإعارة المكتبة الرئيسية المكتبة الحالية موقع الرف تاريخ التزويد الرقم المتسلسل Total Checkouts رقم الإستدعاء الباركود تاريخ آخر ظهور تاريخ الفاتورة نوع المادة (كوها)
    Dewey Decimal Classification     المكتبة المركزية المكتبة المركزية الإعارة 28/07/2025 1379150   211.4 / س م ا PLD00148007 28/07/2025 28/07/2025 كتب
    Dewey Decimal Classification     المكتبة المركزية المكتبة المركزية مقتنيات قسم التزويد 28/07/2025 1494046   211.4/سما   28/07/2025 28/07/2025 كتب
    Dewey Decimal Classification     مكتبة أبو علندا العامة مكتبة أبو علندا العامة الإعارة 19/05/2010 1379155   211.4/سما PLD00148193 28/07/2025 19/05/2010 كتب
    Dewey Decimal Classification     مكتبة الأميرة ايمان العامة مكتبة الأميرة ايمان العامة الإعارة 19/05/2010 1379156   211.4/سما PLD00148192 28/07/2025 19/05/2010 كتب
    Dewey Decimal Classification     مكتبة وادي السير العامة مكتبة وادي السير العامة الإعارة 19/05/2010 1379159   211.4/سما PLD00148189 28/07/2025 19/05/2010 كتب
Implemented & Customized by: BBB with SCIT (Smart Chains for Information Technology)

Powered by Koha